| 000 | 00743nam a22002177a 4500 | ||
|---|---|---|---|
| 999 |
_c22635 _d22635 |
||
| 003 | AR-CdUCM | ||
| 008 | 190427b ||||| |||| 00| 0 spa d | ||
| 040 |
_aMUNICIPALIDAD PROVINCIAL DEL CUSCO _cBIBLIOTECA MUNICIPAL DEL CUSCO |
||
| 082 | _a381.98521/M47 | ||
| 100 |
_aMexicano Ramos, Cesar Roberto _948713 |
||
| 245 |
_aMisceláneas históricas: pulperías, libros y boticas en el Perú colonial / _cCesar Roberto Mexicano Ramos |
||
| 260 |
_aLima : _bStar Color, _c2021. |
||
| 300 |
_a105 páginas: _bilustraciones ; _c20 cm. |
||
| 650 |
_aHistoria _948714 |
||
| 650 |
_aÉpoca colonial _948715 |
||
| 650 |
_aAspectos sociales _9262 |
||
| 650 |
_aAspectos culturales _94086 |
||
| 650 |
_aLima _9231 |
||
| 942 |
_2ddc _cLIBROS |
||
| 945 | _arac | ||